| 000 | 00337nam a22001217a 4500 | ||
|---|---|---|---|
| 008 | 160426b xxu||||| |||| 00| 0 eng d | ||
| 020 | _a139780781764070 | ||
| 020 | _a100781764076 | ||
| 041 | _aeng | ||
| 080 | _a618.2 | ||
| 245 |
_aFundamentals of nursing: _cCarol taylor ; Carol Lillis; Priscilla LeMone ; Pamela Lynn; |
||
| 942 |
_2udc _cBK |
||
| 999 |
_c1612 _d1612 |
||